Lucrèce, Virgile, Valerius Flaccus, oeuvres complètes avec la traduction en français, publiées sous la direction de M. Nisard, professeur d'éloquence latine au Collége de France

Detalles Bibliográficos
Autor principal: Tito Lucrecio Caro, 94 a. C.-53 a. C.
Otros Autores: Virgilio Marón, Publio, 70-19 a. C., Cayo Valerio Flaco, c. 45 d. C.- c. 90, Nisard, Desiré, 1806-1888, ed
Formato: Libro
Lenguaje:French
Publicado: Paris : J. J. Dubochet, le Chevalier et comp., éditeurs, rue Richelieu, N° 60, 1849.
Serie editorial:Collection des auteurs latins avec la traduction en français, publiés sous la direction de M. Nisard, professeur d'éloquence latine au Collége de France
Materias:
Colección:Banco de datos
Acervo:Universidad Autónoma Benito Juárez de Oaxaca. Biblioteca Francisco de Burgoa. Colección histórica
Descripción Física:II, 610 p., [1] h. ; 26 cm.
Tema general:Literatura latina
Notas:Portada tipográfica con viñeta. Texto a dos columnas con paginación en números arábigos y romanos, notas a pie de página, cornisas y signaturas. Propiedad intelectual: Paris. Typographie de Firmin Didot frères, rue Jacob, N° 56. Encuadernación en keratol con lomo en piel. Marca de fuego: Casa del Noviciado de la Compañía de Jesús de Oaxaca, Oax. Daños en la encuadernación, tapa desprendida
LEADER 01621nam a22002290004500
035 |a 2526 
041 0 |a fre 
100 1 |a Tito Lucrecio Caro, 94 a. C.-53 a. C. 
245 1 0 |a Lucrèce, Virgile, Valerius Flaccus, oeuvres complètes avec la traduction en français, publiées sous la direction de M. Nisard, professeur d'éloquence latine au Collége de France 
260 |a Paris : J. J. Dubochet, le Chevalier et comp., éditeurs, rue Richelieu, N° 60, 1849. 
300 |a II, 610 p., [1] h. ; 26 cm.  
440 0 |a Collection des auteurs latins avec la traduction en français, publiés sous la direction de M. Nisard, professeur d'éloquence latine au Collége de France 
500 |a Portada tipográfica con viñeta. Texto a dos columnas con paginación en números arábigos y romanos, notas a pie de página, cornisas y signaturas. Propiedad intelectual: Paris. Typographie de Firmin Didot frères, rue Jacob, N° 56. Encuadernación en keratol con lomo en piel. Marca de fuego: Casa del Noviciado de la Compañía de Jesús de Oaxaca, Oax. Daños en la encuadernación, tapa desprendida  
504 |a Al final de la obra está el índice de materias 
650 1 0 |a Literatura latina 
700 1 |a Virgilio Marón, Publio, 70-19 a. C. 
700 1 |a Cayo Valerio Flaco, c. 45 d. C.- c. 90 
700 1 |a Nisard, Desiré, 1806-1888, ed. 
852 |a Universidad Autónoma "Benito Juárez" de Oaxaca, Biblioteca Francisco de Burgoa, Colección histórica 15814 
942 |c BURHIS 
943 |g Universidad Autónoma Benito Juárez de Oaxaca. Biblioteca Francisco de Burgoa. Colección histórica 
999 |c 1121275  |d 1121275